Unique words of the Gruffalo story - Statistics

General Stats
  • This quiz has been taken 13 times
  • The average score is 6 of 53
Answer Stats
Answer % Correct
Who
73%
Stroll
55%
Go
45%
Where
36%
An
27%
Tusks
27%
After
18%
Bursting
18%
Feet
18%
Follow
18%
I'll
18%
Laughter
18%
Path
18%
Rocks
18%
Wind
18%
Bread
9%
Crumbs
9%
Don't
9%
Fled
9%
For
9%
Hid
9%
Quick
9%
Ran
9%
Rumble
9%
Scariest
9%
Slice
9%
Soon
9%
Sped
9%
Stream
9%
Time
9%
Toowhit
9%
Toowhoo
9%
Well
9%
Amazing
0%
Astounding
0%
Beginning
0%
Behind
0%
Call
0%
Can
0%
Dear
0%
Found
0%
Having
0%
Hiss
0%
Hoot
0%
Just
0%
Lake
0%
Leaves
0%
Now
0%
Quiet
0%
Right
0%
Taste
0%
These
0%
Tummy
0%
No matching quizzes found
Score Distribution
Percent of People with Each Score
Percentile by Number Answered
Your Score History
You have not taken this quiz